El auge y el ocaso del imperio español en América, I /
Guardado en:
| Autor Principal: | |
|---|---|
| Formato: | Libro |
| Publicado: |
Madrid :
Sarpe,
1985
|
| Series: | Biblioteca De La Historia ;
46 |
| Materias: | |
| Etiquetas: |
Agregar Etiqueta
Sin Etiquetas, Sea el primero en etiquetar este registro!
|
| LEADER | 00831nam a22002295a 4500 | ||
|---|---|---|---|
| 001 | EHU.bham027421 | ||
| 008 | 130507s1985##################000#0#####d | ||
| 005 | 20260303103232.0 | ||
| 245 | 1 | 0 | |a El auge y el ocaso del imperio español en América, I / |c Salvador de Madariaga. |
| 260 | |a Madrid : |b Sarpe, |c 1985 | ||
| 300 | |a 412 p. | ||
| 490 | 0 | |a Biblioteca De La Historia ; |v 46 | |
| 500 | |a Ej. 1 perdido por Inundación 7M 2025. Reposición. | ||
| 100 | 1 | |a Madariaga, Salvador de. | |
| 082 | 9 | 8 | |a 980 M261-1 I |
| 653 | |a Historia de América | ||
| 653 | |a Historia de España-1492 | ||
| 653 | |a America Latina-historia | ||
| 653 | |a Colonialismo español | ||
| 653 | |a Catolicismo | ||
| 859 | |a AR-BHAM |b BIB. HUMANIDADES - General |h 980 |i M261-1 |p 311.25 |t Ej.2 |v I | ||
| 859 | |a AR-BHAM |b BIB. HUMANIDADES - General |h 980 |i M261-1 |p 1293.04 |t Ej.1 |v I |3 I | ||
